| Tag |
First Indicator |
Second Indicator |
Subfields |
| LEADER |
00000cam a22000008a 4500 |
| 001 |
in00000627172 |
| 005 |
20151015061415.0 |
| 008 |
800212s1980 nyu j 00010 eng |
| 010 |
|
|
|a 79006838
|
| 020 |
|
|
|a 0690040601 :
|c $8.95
|
| 035 |
|
|
|a (OCoLC)06087957
|
| 035 |
|
|
|9 ACV6390AM
|
| 040 |
|
|
|a DLC
|c DLC
|d m.c.
|d TXA
|d UtOrBLW
|
| 049 |
|
|
|a [Curr Col] TXAM
|c [1632748]
|
| 050 |
0 |
0 |
|a TH7224
|b .R66
|
| 082 |
0 |
|
|a 741.5/973
|
| 100 |
1 |
|
|a Ross, David,
|d 1949-
|
| 245 |
1 |
0 |
|a How to keep warm in winter /
|c by Dave Ross.
|
| 250 |
|
|
|a 1st ed.
|
| 263 |
|
|
|a 8010
|
| 264 |
|
1 |
|a New York :
|b Crowell,
|c [1980]
|
| 264 |
|
4 |
|c ©1980
|
| 300 |
|
|
|a 30 unnumbered pages :
|b illustrations ;
|c 22 cm.
|
| 336 |
|
|
|a text
|b txt
|2 rdacontent
|
| 337 |
|
|
|a unmediated
|b n
|2 rdamedia
|
| 338 |
|
|
|a volume
|b nc
|2 rdacarrier
|
| 520 |
|
|
|a Presents humorous advice for clothing, activities, and devices for keeping warm in winter.
|
| 650 |
|
0 |
|a Dwellings
|x Heating and ventilation
|x Juvenile literature.
|
| 650 |
|
0 |
|a Energy conservation
|v Juvenile literature.
|
| 650 |
|
0 |
|a Cold weather clothing
|x Juvenile literature.
|
| 650 |
|
0 |
|a Winter
|v Juvenile literature.
|
| 650 |
|
1 |
|a Winter
|x Anecdotes.
|
| 650 |
|
1 |
|a Energy conservation.
|
| 999 |
|
|
|a MARS
|
| 999 |
f |
f |
|s a0bd703c-852f-35b9-b3d5-306e1e334a20
|i 6f8a9823-d9a3-30da-81a6-2fb97115766c
|t 0
|
| 952 |
f |
f |
|p normal
|a Texas A&M University
|b College Station
|c Sterling C. Evans Library
|d Evans: Curriculum Collection (4th floor)
|t 0
|e TH7224 .R66
|h Library of Congress classification
|i unmediated -- volume
|m A14800260500
|
| 998 |
f |
f |
|a TH7224 .R66
|t 0
|l Evans: Curriculum Collection (4th floor)
|